| 000 | 00000nam##2200000za#4500 |
| 001 | 9.700088 |
| 003 | CaOODSP |
| 005 | 20220125145842 |
| 007 | cr ||||||||||| |
| 008 | 150407|2000||||xxc|||||o f|0| 0 eng|d |
| 040 | |aCaOODSP|beng |
| 043 | |an-cn--- |
| 086 | 1 |aD2-348/2000E-PDF |
| 110 | 1 |aCanada. |bDepartment of National Defence. |
| 245 | 10|aMeasuring ethical values in the Department of National Defence : |h[electronic resource]|bresults of the 1999 research : sponsor research report 00-1 / |cby Dr. V. Catano, Dr. K. Kelloway, and Major JE Adams-Roy ; [issued by] Directorate Human Resources Research and Evaluation. |
| 246 | 1 |aBaseline assessment of ethical values in DND, Phase II report |
| 260 | |aOttawa - Ontario : |bNational Defence |cJuly 2000. |
| 300 | |a117p.|bfig., graphs, references, tables |
| 500 | |a"Defence Ethics Program"--p.1 of 117. |
| 590 | |a14-20-Supp|b2014-11-25 |
| 690 | 07|aArmed forces|2gcpds |
| 690 | 07|aDecision making|2gcpds |
| 690 | 07|aEthics|2gcpds |
| 775 | 08|tMesure des valeurs éthiques au ministère de la Défense nationale : |w(CaOODSP)9.643999 |
| 856 | 40|ahttp://publications.gc.ca|qPDF|s4.16 MB|uhttps://publications.gc.ca/collections/collection_2014/mdn-dnd/D2-348-2000-eng.pdf |